[Event "IECG RN.2002.0.00018"]
[Site "IECG email"]
[Date "2002.12.30"]
[Round "1"]
[White "Mayer, Hans"]
[Black "Chua, Leonard Louis"]
[Result "1-0"]
[WhiteElo "800"]
[BlackElo "800"]
[PlyCount "37"]
[EventDate "2002.12.30"]
[EventType "tourn (corr)"]
[EventRounds "6"]
[SourceTitle "Corr 2024"]
[Source "ChessBase"]
[SourceDate "2023.10.19"]
[SourceVersion "1"]
[SourceVersionDate "2023.10.19"]
[SourceQuality "1"]

1. c4 e6 2. Nc3 d5 3. d4 Bb4 4. Nf3 b6 5. Qa4+ Nc6 6. Qxc6+ Bd7 7. Qb7 Ne7 8. Ne5 0-0 9. a3 Bxc3+ 10. bxc3 a5 11. cxd5 exd5 12. Bg5 f6 13. Nxd7 Qxd7 14. Bf4 Rfc8 15. e3 Ng6 16. Bg3 Qf5 17. Rc1 c5 18. Bb5 cxd4 19. Bd7 1-0